Statistics for Biggest Cities by Latitude

Click here to take the quiz!

General Stats

  • This quiz has been taken 24,291 times
  • The average score is 15 of 25

Answer Stats

LatitudePopulationUrban Area% Correct
50° - 55° N14.8 mLondon
91%
55° - 60° N17.4 mMoscow
91%
40° - 45° N21.8 mNew York City
91%
35° - 40° N40.5 mTokyo
91%
45° - 50° N11.4 mParis
83%
30° - 35° S16.6 mBuenos Aires
75%
25° - 30° N31.3 mDelhi
75%
20° - 25° S22.6 mSão Paulo
75%
30° - 35° N34.1 mShanghai
75%
5° - 10° S32.1 mJakarta
71%
15° - 20° N25.6 mMumbai
65%
25° - 30° S14.2 mJohannesburg
63%
5° - 10° N20.1 mLagos
60%
35° - 40° S5.05 mMelbourne
58%
20° - 25° N47.6 mGuangzhou
56%
10° - 15° N26.3 mManila
55%
10° - 15° S11.1 mLima
53%
60° - 65° N1.32 mHelsinki
51%
0° - 5° S13.9 mKinshasa
48%
0° - 5° N9.80 mBogota
47%
40° - 45° S436 kWellington
47%
65° N +295 kMurmansk
20%
15° - 20° S5.05 mBelo Horizonte
14%
50° + S127 kPunta Arenas
8%
45° - 50° S183 kComodoro Rivadavia
4%

Score Distribution

Percentile by Number Answered

Percent of People with Each Score

Your Score History

You have not taken this quiz